000 00391nam a2200157Ia 4500
003 Ost
005 20260225132540.0
008 260225s9999||||xx |||||||||||||| ||und||
040 _cfsic
041 _afre
082 _a330.9
100 _aJean noel jeanneney
_eAuteur
245 0 _aUne hiostoire des médias des origines à nos jours /
245 0 _cJean noel jeanneney
942 _cكتاب
999 _c33467
_d33467